Science Quiz

Random Science Quiz
Score 0/42 Timer 15:00
0 Plays Today
Number Name % Correct
1gallbladder
96.6%
6duodenum
72.4%
2right medial lobe
69%
10ascending colon
69%
26rectum
69%
9transverse colon
65.5%
21spleen
65.5%
25urinary bladder
65.5%
17lesser curvature
62.1%
18pyloric sphincter
62.1%
19greater curvature
62.1%
22small intestine
62.1%
24descending colon
62.1%
27peritoneal cavity
62.1%
29fundus
62.1%
34jejunum
62.1%
35ileum
62.1%
11cecum
58.6%
12left medial lobe
58.6%
13quadrate lobe
58.6%
14left lateral lobe
58.6%
Number Name % Correct
31pyloric
58.6%
37villi
58.6%
4hepatoduodenal ligament
55.2%
8pyloric
55.2%
20gastrosplenic ligament
55.2%
32rugae
55.2%
30corpus
51.7%
39greater omentum
51.7%
16gastrohepatic ligament
48.3%
28falciform ligament
48.3%
40gastrosplenic ligament
48.3%
7pancreas
44.8%
15corpus
44.8%
38lesser omentum
44.8%
3anterior right lateral lobe
41.4%
5posterior right lateral lobe
41.4%
33tail of pancreas
34.5%
23 (m)mesentary
31%
36vermiform appendix
31%
23 (g)greater omentum
27.6%
23 (o)omental bursa
24.1%

You're not logged in!

Compare scores with friends on all Sporcle quizzes.
OR
Log In

Sporcle TV

Today on Sporcle TV


Watch our educational content, quiz creation guides, and fun videos on Sporcle TV.

Show Comments

Extras

Created Dec 10, 2012ReportNominate
Tags:Abdominal, felt

Top Quizzes Today


Score Distribution

Paid Content

Your Account Isn't Verified!

In order to create a playlist on Sporcle, you need to verify the email address you used during registration. Go to your Sporcle Settings to finish the process.

Report this User

Report this user for behavior that violates our Community Guidelines.

Details: